00412 2200169 4500245003100000020002200031250001600053100001800069700001800087650001600105005001900121260004600140041001400186084000900200300002400209336000900233 a11.11cFiersa BesarihText a978-979-794-596-5 aCet. 8 2019 aFiersa Besari aJuliagar R. N aNovel Fiksi a20240909115426 aJakarta SelatanbPenerbit Mediakitac2019 aIndonesia aNONE a302 hlm :c13×19cm atext